2013 National trade estimate report on foreign trade barriers.

Bibliographic Details
Format: Book
Published: Washington D.C: Office of the United States Trade Representative, 2013.
Subjects:
LEADER 00596cam a2200157 7i4500
001 0000031459
005 20140716090000.0
090 0 0 |a I 382.05   |b NAT 
245 0 0 |a 2013 National trade estimate report on foreign trade barriers. 
260 0 0 |a Washington D.C:   |b Office of the United States Trade Representative,   |c 2013. 
300 # # |a 386 p. 
650 0 0 |a Exports --   |x Periodicals --   |z United States  
650 0 0 |a Investments, American --   |x Periodicals  
650 0 0 |a Commercial policy --   |x Periodicals  
650 0 0 |a Countertrade --   |x Periodicals  
999 |a 0000034494  |b Book  |c International  |e Business Information Centre